Őstörténetünk és a baskír kérdés a jurmatiak története /

Elmentve itt :
Bibliográfiai részletek
Szerző: Róna-Tas András
Dokumentumtípus: Cikk
Megjelent: 1982
Sorozat:Tiszatáj : irodalmi, művészeti és társadalmi folyóirat;Tiszatáj : irodalmi folyóirat
Kulcsszavak:Őstörténet, Baskírok története
Tárgyszavak:
Online Access:http://misc.bibl.u-szeged.hu/64489
LEADER 00889nab a2200229 i 4500
001 misc64489
005 20230503094422.0
008 230206s1982 hu o 0|| hun d
040 |a SZTE Miscellanea Repozitórium  |b hun 
041 |a hun 
100 2 |a Róna-Tas András 
245 1 0 |a Őstörténetünk és a baskír kérdés   |h [elektronikus dokumentum] :  |b a jurmatiak története /  |c  Róna-Tas András 
260 |c 1982 
300 |a 52-61  |c 24 cm 
300 |a [10] p.  |c 24 cm 
490 0 |a Tiszatáj : irodalmi, művészeti és társadalmi folyóirat;Tiszatáj : irodalmi folyóirat 
561 |a Németh Gyula hagyaték 
591 |a NOA 5122; NOA 5123 
650 4 |a Bölcsészettudományok 
650 4 |a Történettudomány és régészet 
695 |a Őstörténet, Baskírok története 
856 4 0 |u http://misc.bibl.u-szeged.hu/64489/1/5122_noa.pdf  |z Dokumentum-elérés